000 01371nam a2200193Ia 4500
000 01935naaa 00301uu
001 https://directory.doabooks.org/handle/20.500.12854/29919
008 211013s9999 xx 000 0 und d
042 _adc
245 0 _aFilm as Embodied Art : Bodily Meaning in the Cinema of Stanley Kubrick
260 _aBoston, MA
_bAcademic Studies Press
_c2019
520 _aHow do the visuals of Kubrick's 2019;s work convey complex concepts and abstractions without the traditional reliance on words? And how does the pure instrumental music in his films express meaning when music, in essence, is an abstract art form? Drawing on state-of-the-art research in embodied cognitive science, this book sets out to explore these questions by revealing Kubrick as a genuine conceptual artist, a filmmaker who perhaps more than any other director, uses all the non-verbal resources of filmmaking in such a controlled and dense manner as to elicit the bodily structures necessary to achieve a level of conceptual understanding.
540 _aCreative Commons
653 _aMedia & Communications
700 1 _aCoegnarts, Maarten
856 _uhttps://docs.google.com/spreadsheets/d/1yKIrdCPDAG_9c22mwoOIO2DOhtj65Wqa/edit?usp=sharing&ouid=106555315294820607512&rtpof=true&sd=true
_yList of Curated E-Books
942 _cE-BOOK
999 _c89988
_d89985